Estudios históricos : V. 2 : la evolución de la enseñanza, la Revolución de Ayutla, la reforma social en México, la gloriosa defensa de Puebla, la etapa porfirista en el estado de Zacatecas, el periodismo en México /

Guardado en:
Detalles Bibliográficos
Autor principal: Romero Flores, Jesús (autor)
Formato: Libro
Idioma:Español
Publicado: México : Costa Amic, 1966, c1966
Etiquetas: Agrega una etiqueta
Sin etiquetas, Sé el primero en etiquetar este registro!

MARC

LEADER 00000nam^a2200000^a^4500
001 000436085
005 20250526000000.0
009 20260310123147.016
037 |a Acervo ITESO - Biblioteca 
041 |a ESP 
091 |a FHM. 08016 
100 |a Romero Flores, Jesús  |e (autor) 
245 1 0 |a Estudios históricos :  |b V. 2 : la evolución de la enseñanza, la Revolución de Ayutla, la reforma social en México, la gloriosa defensa de Puebla, la etapa porfirista en el estado de Zacatecas, el periodismo en México / 
264 4 |a México :  |b Costa Amic,  |c 1966, c1966 
300 |a 399 p. ;  |c 20.0 cm. 
336 |a texto  |b txt  |2 rdacontenido 
337 |a sin mediación  |b n  |2 rdamedio 
338 |a volumen  |b nc  |2 rdasoporte 
649 |a XX 
910 |a Fondo Hugo B. Margáin 
920 |a Impresos - Libros 
930 |a Libros Antiguos y Raros 
905 |a 126 
901 |a 0500306961  |b IT2  |c LRA  |i D109742  |u 20250526 
902 |a https://opac.biblio.iteso.mx/vufind/Record/000436085